000 01012nac a22003137a 4500
001 BR0701573
003 BR-BrBNA
005 20240105123403.0
008 230509b bl.|||m| |||| 00| 0 por d
040 _aBR-BrBNA
_bpor
_cBiblioteca Nacional de Agricultura
072 _aF04; P35
090 _a3830 BR0701573
100 1 _aNunes, M.R.
110 1 _aEmpresa Goiana de Pesquisa Agropecuária, Goiânia, GO (Brasil)
245 1 _aEficiência agronômica de cinco fosfatos aplicados a lanço e no sulco em solo de Cerrado
260 3 _aGoiânia, GO (Brasil):
_c1995.
300 _a14 p.
490 _aBoletim de Pesquia - Empresa Goiana de Pesquisa Agropecuária (Brazil)
_vno. 31
_xISSN 0102-2121
500 _aSummaries (En, Pt); 16 ref.
650 _aFOSFATO
650 _aFERTILIZANTE FOSFATADO
650 _aSOLO
650 _aADUBAÇÃO
650 _aMILHO
650 _aÁCIDO CÍTRICO
650 _aCERRADO
909 _a202312
_bLúcia Elande
_c55
_dLúcia Elande
942 _2AGRIS
_n0
_cMS
999 _c295226
_d295226